000 00668nam a22002052 4500
001 0000012015
005 20151217152105.0
008 090125s xx 000 0 eng d
020 _a0860124045 :
040 _aKABU
_cKABU
245 1 0 _aJohn Paul II :
_breflections from The Tablets /
_cedited by Catherine Pepinster; introduction by JohnWilkins.
250 _a1st ed.
260 _aLondon :
_bBurns & Oates,
_c2005.
300 _a130 p.
600 1 0 _aJohn Paul II, Pope,
_d1920-2005.
_@0000168180
650 0 _aPapacy
_xHistory
_y20th century.
_@0000168181
852 1 _9p1655 KES
908 _a090125
950 _@1
999 _c8147
_d8147